| 000 | 00979nam a2200325Ia 4500 | ||
|---|---|---|---|
| 003 | OSt | ||
| 005 | 20220912150551.0 | ||
| 006 | a|||||r|||| 00| 0 | ||
| 007 | ta | ||
| 008 | 220909b |||||||| |||| 00| 0 eng d | ||
| 020 | _a0534384285 (hbd) | ||
| 024 | _a12282 | ||
| 037 | _b249, 18/08/2004, Vardhman Books | ||
| 037 | _cTextbook | ||
| 040 |
_aCSL _beng _cCSL |
||
| 041 | _aeng | ||
| 082 | _aB288, P3 TB | ||
| 100 | _aGiordano Frank R | ||
| 245 | 0 | _aFirst course in mathematical modeling | |
| 250 | _a3rd | ||
| 260 |
_aAustralia _bThomson Learning _c2003 |
||
| 300 |
_axiv, 538p. _ccm. Included with CD-ROM |
||
| 500 |
_aAppendix A-C 490-534p. _ccm.; Index 535-538p. _ccm. |
||
| 650 | _a Programming | ||
| 650 | _aMathematics | ||
| 700 | _a Fox William P | ||
| 700 | _a Weir Maurice D | ||
| 942 |
_hB288, P3 TB _cTB _2CC |
||
| 999 |
_c50225 _d50225 |
||